Untersuchungen zu Stil und Sprache neuagyptischer Erzahlungen /

محفوظ في:

المؤلف الرئيسي: Hintze, Fritz.

التنسيق: كتاب

اللغة: German

منشور في: Berlin : Akademie-Verlag, 1952.

سلاسل: Veroffentlichung (Deutsche Akademie der Wissenschaften zu Berlin. Institut fur Orientforschung) ; 6.

الموضوعات:

الوسوم: إضافة وسم

لا توجد وسوم, كن أول من يضع وسما على هذه التسجيلة!

رقم الطلب: PJ1251 .H5 1952

LEADER 00907cam a2200241 4500
001 ocm42376149
003 OCoLC
005 20240220045241.0
008 990915s1952 gw 000 0 ger d
050 4 |a PJ1251  |b .H5 1952 
100 1 |a Hintze, Fritz. 
245 1 0 |a Untersuchungen zu Stil und Sprache neuagyptischer Erzahlungen /  |c Fritz Hintze. 
264 1 |a Berlin :  |b Akademie-Verlag,  |c 1952. 
300 |a viii, 316 pages ;  |c 29 cm 
336 |a text  |b txt  |2 rdacontent 
337 |a unmediated  |b n  |2 rdamedia 
338 |a volume  |b nc  |2 rdacarrier 
490 1 |a Akademie der Wissenschaften, Berlin. Institut fur Orientforschung. Veroffentlichung  |v Nr. 2, 6 
500 |a Issued in 2 pts. 
650 0 |a Egyptian language  |x Style. 
650 0 |a Egyptian fiction  |x History and criticism. 
830 0 |a Veroffentlichung (Deutsche Akademie der Wissenschaften zu Berlin. Institut fur Orientforschung) ;  |v 6. 
999 |c 56903  |d 56903